000 00275nam a2200109Ia 4500
008 230907s9999||||xx |||||||||||||| ||und||
082 _a518.25,LAR
100 _aLarson, Mats G.,
_9115141
245 4 _aThe finite element method :
300 _axvii, 385 pages :
942 _cBK
999 _c597706
_d597706